The blue day book : (Record no. 9930)
[ view plain ]
| 000 -LEADER | |
|---|---|
| fixed length control field | 01486nam a22002777a 4500 |
| 001 - CONTROL NUMBER | |
| control field | 9930 |
| 003 - CONTROL NUMBER IDENTIFIER | |
| control field | FISKH |
| 005 - DATE AND TIME OF LATEST TRANSACTION | |
| control field | 20260317130232.0 |
| 008 - FIXED-LENGTH DATA ELEMENTS--GENERAL INFORMATION | |
| fixed length control field | 260317b cb ||||| |||| 00| 0 eng d |
| 040 ## - CATALOGING SOURCE | |
| Original cataloging agency | FISKH |
| Language of cataloging | eng |
| Transcribing agency | FISKH |
| Modifying agency | FISKH |
| 050 ## - LIBRARY OF CONGRESS CALL NUMBER | |
| Classification number | BF575 .M44 .G74 |
| 082 ## - DEWEY DECIMAL CLASSIFICATION NUMBER | |
| Classification number | 152.4 |
| 100 ## - MAIN ENTRY--PERSONAL NAME | |
| Personal name | Greive, Bradley Trevor |
| Relator term | Author |
| 245 ## - TITLE STATEMENT | |
| Title | The blue day book : |
| Remainder of title | A lesson in cheering yourself up / |
| Statement of responsibility, etc. | Bradley Trevor Greive |
| 260 ## - PUBLICATION, DISTRIBUTION, ETC. | |
| Place of publication, distribution, etc. | Kansas : |
| Name of publisher, distributor, etc. | McMeel Universal Company , |
| Date of publication, distribution, etc. | 2000 |
| 300 ## - PHYSICAL DESCRIPTION | |
| Extent | 92 pages : |
| Other physical details | photographs ; |
| Dimensions | 16 cm |
| 490 ## - SERIES STATEMENT | |
| Series statement | Blue day book series : |
| Volume/sequential designation | 1 |
| 505 ## - FORMATTED CONTENTS NOTE | |
| Formatted contents note | N<br/> |
| 520 ## - SUMMARY, ETC. | |
| Summary, etc. | Nineteen years after its first printing, Bradley Trevor Greive's global bestseller The Blue Day Book has become a modern classic and is still bringing smiles to readers around the world. And because we all still have bad days now and then, the time is right for an illustrated edition of this uniquely funny, compassionate book that inspired an entire genre of uplifting gift books. This special edition features stunning new illustrations created by Claire Keane, the artist and animator who created the art for Disney's Frozen. Still included, of course, are the original, warm, supportive messages and humorous insights guaranteed to raise the spirits of anyone feeling down and blue. |
| 521 8# - TARGET AUDIENCE NOTE | |
| Target audience note | 550<br/> |
| Source | Lexile estimate<br/> |
| 521 8# - TARGET AUDIENCE NOTE | |
| Target audience note | N<br/> |
| Source | Raz-Plus<br/> |
| 650 ## - SUBJECT ADDED ENTRY--TOPICAL TERM | |
| Topical term or geographic name entry element | Inspirational |
| Form subdivision | Feelings |
| 650 ## - SUBJECT ADDED ENTRY--TOPICAL TERM | |
| Topical term or geographic name entry element | Emotions |
| Form subdivision | Self-help |
| 942 ## - ADDED ENTRY ELEMENTS (KOHA) | |
| Source of classification or shelving scheme | Dewey Decimal Classification |
| Koha item type | Books |
| Suppress in OPAC | No |
| Withdrawn status | Lost status | Source of classification or shelving scheme | Damaged status | Not for loan | Collection | Home library | Current library | Shelving location | Date acquired | Total Checkouts | Full call number | Barcode | Date last seen | Copy number | Price effective from | Koha item type |
|---|---|---|---|---|---|---|---|---|---|---|---|---|---|---|---|---|
| Dewey Decimal Classification | Non-Fiction | Footprints International School Library Network Toul Tom Poung Campus | Footprints International School Library Network Toul Tom Poung Campus | TTP Primary Yellow Bookshelves | 03/17/2026 | GRE 152.4 BF575 .M44 .G74 | 2026-0333 | 03/17/2026 | 1 | 03/17/2026 | Books |
